| 000 | 00907nam a22002537a 4500 | ||
|---|---|---|---|
| 005 | 20220818092307.0 | ||
| 008 | 220817s1991 mx ||||f |||| 00| 0 spa d | ||
| 020 | _a968-805-738-X | ||
| 040 |
_cCHAP _erda |
||
| 082 |
_a341.48 _bL61 _222 |
||
| 100 |
_9185148 _aLerner, Natán |
||
| 245 |
_aMinorías y grupos en el derecho internacional : _bderechos y discriminación / _cpor Natán Lerner. |
||
| 264 |
_aMéxico : _bComisión Nacional de Derechos Humanos, _c1991. |
||
| 300 | _a227 páginas. | ||
| 336 |
_atexto _btxt _2rdacontenido |
||
| 337 |
_asinmedio _bn _2rdamedia |
||
| 338 |
_avolumen _bnc _2rdacarrier |
||
| 534 |
_pTitulo original : _tGroup Rights and Discrimination in International Law. |
||
| 650 | 0 |
_9185153 _aMinorías _xCondiciones jurídicas |
|
| 650 | 7 |
_931916 _aDerechos humanos |
|
| 650 | 4 |
_931913 _aDerechos civiles |
|
| 830 | 0 |
_9104878 _aSerie folletos _v1991/17 |
|
| 942 |
_2ddc _cLIBRO |
||
| 999 |
_c217606 _d217606 |
||